MARC

LEADER 00000nam0a2200000 4500
001 185121
005 20231031172700.0
035 |a (RuTPU)RU\TPU\book\200792 
090 |a 185121 
100 |a 20101001d1912 km y0rusy50 ca 
101 0 |a ger 
102 |a DE 
105 |a a eg 001zy 
200 1 |a Handwörterbuch der Sozialen Hygiene  |h Band II: L-Z  |f A. Grotjahn, J. Kaup 
210 |a Leipzig  |c Verlag von F.C.W.Vogel  |d 1912 
215 |a 943 с.  |c il. 
320 |a Sachregister: p. 934-943. 
610 1 |a медицина 
610 1 |a санитария 
610 1 |a гигиена 
610 1 |a социальная защита 
610 1 |a социальное обслуживание 
610 1 |a справочники 
610 1 |a словари 
610 1 |a немецкий язык 
675 |a 613(035)  |v 3 
700 1 |a Grotjahn  |b A. 
701 1 |a Kaup  |b J. 
801 1 |a RU  |b 63413507  |c 20101001 
801 2 |a RU  |b 63413507  |c 20101102  |g RCR 
942 |c BK